Fr. Conceicao Rodrigues College of Engineering

Fundamentals of electrical Drives (Record no. 35316)

MARC details
000 -LEADER
fixed length control field 00363nam a2200157Ia 4500
082 ## - DEWEY DECIMAL CLASSIFICATION NUMBER
Classification number 621.317
Item number PAN
100 ## - MAIN ENTRY--PERSONAL NAME
Personal name Dubey / G.K.
245 ## - TITLE STATEMENT
Title Fundamentals of electrical Drives
260 ## - PUBLICATION, DISTRIBUTION, ETC.
Name of publisher, distributor, etc. Narosa Pub
Place of publication, distribution, etc. New Delhi
Date of publication, distribution, etc. 1995
300 ## - PHYSICAL DESCRIPTION
Extent 688
546 ## - LANGUAGE NOTE
Language note ENGLISH
650 ## - SUBJECT ADDED ENTRY--TOPICAL TERM
Topical term or geographic name entry element Electrical Engineering
654 ## - SUBJECT ADDED ENTRY--FACETED TOPICAL TERMS
Focus term Electrical Drives
942 ## - ADDED ENTRY ELEMENTS (KOHA)
Koha item type BOOK
Holdings
Withdrawn status Lost status Damaged status Not for loan Collection Home library Current library Date acquired Source of acquisition Cost, normal purchase price Total Checkouts Full call number Barcode Date last seen Cost, replacement price Price effective from Koha item type
        CRC Fr. Agnel's C.Rodrigues College of Engineering Fr. Agnel's C.Rodrigues College of Engineering 17/03/2023 global books 135.00   621.317 PAN 6757 17/03/2023 135.00 17/03/2023 BOOK
        CRC Fr. Agnel's C.Rodrigues College of Engineering Fr. Agnel's C.Rodrigues College of Engineering 17/03/2023 global books 135.00   621.317 PAN 6758 17/03/2023 135.00 17/03/2023 BOOK
        CRC Fr. Agnel's C.Rodrigues College of Engineering Fr. Agnel's C.Rodrigues College of Engineering 17/03/2023 global books 135.00   621.317 PAN 6759 17/03/2023 135.00 17/03/2023 BOOK
        CRC Fr. Agnel's C.Rodrigues College of Engineering Fr. Agnel's C.Rodrigues College of Engineering 17/03/2023 global books 135.00   621.317 PAN 6760 17/03/2023 135.00 17/03/2023 BOOK
        CRC Fr. Agnel's C.Rodrigues College of Engineering Fr. Agnel's C.Rodrigues College of Engineering 17/03/2023 global books 135.00   621.317 PAN 6761 17/03/2023 135.00 17/03/2023 BOOK